History Quiz

Random History or Clickable Quiz
Score 0/20 Timer 03:00
0 Plays Today
% Correct
421,000,000
76.9%
234,000
70.9%
2,870,000
70.8%
1
58.9%
750
57.5%
20,000+
47.6%
285
46.5%
70,000
46.5%
41
44.2%
87
41.3%
% Correct
26
32.3%
11
27.9%
666
26.3%
128
21.4%
8
20.7%
5
19.2%
15
18.7%
35
18.1%
38
14%
99
12.6%
Remove Ads.
Support Sporcle.
Get the best of Sporcle when you Go Orange. This ad-free experience offers more features, more stats, and more fun while also helping to support Sporcle. Thank you for becoming a member.

You're not logged in!

Compare scores with friends on all Sporcle quizzes.
OR
Log In

Show Comments

Extras

Top Quizzes Today


Score Distribution

Your Account Isn't Verified!

In order to create a playlist on Sporcle, you need to verify the email address you used during registration. Go to your Sporcle Settings to finish the process.

Report this User

Report this user for behavior that violates our Community Guidelines.

Details: